000 00547nam a2200217Ia 4500
003 OSt
005 20220928145703.0
006 a|||||r|||| 00| 0
007 ta
008 220927b |||||||| |||| 00| 0 eng d
024 _a81826
037 _cTextual
040 _aSDCL
_cSDCL
_beng
041 _2eng
_aeng
082 _aX:75:(B), L8
100 _aCohon Jered L
_9513998
245 0 _aMulti objective programming and planning
260 _c1978
942 _hX:75:(B), L8
_cTEXL
_2CC
999 _c834672
_d834672